000 03850cam a22006374i 4500
003 PE-LiUPU
005 20250731173029.0
008 150623s2000 mdua rb 000 0 eng d
020 _a0828013233
035 _a(Sirsi) i9780828013239
040 _aPE-LiUPU
_bspa
_cPE-LiUPU
_erda
049 _aPRUA
050 0 0 _aBS658
_b.C73 2000
082 0 4 _a213
_bC22
_221
245 1 0 _aCreation, catastrophe, and calvary :
_bwhy a global flood is vital to the doctrine of atonement /
_ceditado por John Templeton Baldwin.
264 1 _aHagerstown, MD. :
_bReview and Herald Publishing Association,
_c2000.
300 _a219 páginas :
_bilustraciones ;
_c24 centímetros
336 _atext
_2rdacontent
337 _aunmediated
_2rdamedia
338 _avolume
_2rdacarrier
504 _aBibliografía al final de cada capítulo.
505 0 _aRevelation 14:7: An angel's worldview -- The "days" of creation in Genesis 1: literal "days" of figurative "periods/epochs" of time? -- Genesis 2: a second creation account? -Biblical evidence for the Universality of the Genesis flood -- The grand canyon and the Genesis flood -- The goelogic column and calvary: the rainbow connection-implications for an evangelical understanding of the atonement -- Evolution: a theory in crisis -- The role of creation in seventh-day adventist theology -- Science and theology: focusing the complementary lights of Jesus, scripture, and nature.
526 _aSEG42
526 _aSEG41
526 _aSEG40
526 _aSEG39
526 _aP94
526 _aP87
526 _aP86
526 _aP85
526 _aP77
526 _aP76
526 _aP35
541 _g10606;
650 0 4 _aCreación.
650 0 4 _aCreacionismo.
700 1 _aBaldwin, John Templeton,
_eeditor.
942 _2ddc
_cBOOK
949 _a213 C22
_wDEWEY
_c1
_i54200
_d2015-9-4
_e2015-9-3
_f2017-2-13
_g1
_lCCODEBUL1
_mBUL
_n2
_r0
_sY
_tBOOK
_u2015-6-24
_xTEOLOGIA
_PP35
_0COMPRA
_o.STAFF. Colección Teología
949 _a213 C22
_wDEWEY
_c2
_i59465
_lCIA
_mBWL
_p20.00
_r1
_sY
_tBOOK
_u2015-6-24
_xWHITE
_zUNKNOWN
_0COMPRA
_o.STAFF. Colección Teología
949 _a213 C22
_wDEWEY
_c3
_i48073
_f2017-2-13
_g1
_lCCODEBUL1
_mBUL
_r0
_sY
_tBOOK
_u2015-6-24
_xTEOLOGIA
_PP35
_0COMPRA
_o.STAFF. Colección Teología
949 _a213 C22
_wDEWEY
_c4
_i48074
_f2017-2-13
_g1
_lCCODEBUL1
_mBUL
_r0
_sY
_tBOOK
_u2015-6-24
_xTEOLOGIA
_PP35
_0COMPRA
_o.STAFF. Colección Teología
949 _a213 C22
_wDEWEY
_c5
_i48141
_f2017-2-13
_g1
_lCCODEBUL1
_mBUL
_r0
_sY
_tBOOK
_u2015-6-24
_xTEOLOGIA
_PP35
_0COMPRA
_o.STAFF. Colección Teología
994 _aC0
_bPEPRU
596 _a1 4
999 _a213 C22
_wDEWEY
_c24912
_i54200
_d24912
_e2015-9-3
_f2021-11-9
_g5
_lCCODEBUL1
_mBUL
_n2
_p20.00
_q2
_r0
_sY
_tBOOK
_u2015-6-24
_xTEOLOGIA
_PP35
_0COMPRA
_o.STAFF. Colección Teología
999 _a213 C22
_wDEWEY
_c3
_i48073
_d2019-6-10
_f2021-11-9
_g5
_lCCODEBUL1
_mBUL
_q2
_r0
_sY
_tBOOK
_u2015-6-24
_xTEOLOGIA
_PP35
_0COMPRA
_o.STAFF. Colección General
999 _a213 C22
_wDEWEY
_c4
_i48074
_d2019-6-24
_f2021-11-9
_g5
_lCCODEBUL1
_mBUL
_q2
_r0
_sY
_tBOOK
_u2015-6-24
_xTEOLOGIA
_PP35
_0COMPRA
_o.STAFF. Colección General
999 _a213 C22
_wDEWEY
_c5
_i48141
_d2018-11-16
_f2021-11-9
_g5
_lCCODEBUL1
_mBUL
_q1
_r0
_sY
_tBOOK
_u2015-6-24
_xTEOLOGIA
_PP35
_0COMPRA
_o.STAFF. Colección General
999 _a213 C22 2000
_wDEWEY
_c1
_iCW59465
_f2021-12-22
_g2
_lCCODECWL1
_mBWL
_p20.00
_r1
_sY
_tBOOK
_u2015-6-24
_xWHITE
_zUNKNOWN
_0COMPRA
_o.STAFF. Centro White
999 _a213 C22 2000
_wDEWEY
_c2
_iCW24590
_f2021-12-22
_g2
_lCCODECWL1
_mBWL
_p30.00
_r0
_sY
_tBOOK
_u2018-2-12
_xWHITE
_zUNKNOWN
_0COMPRA
_o.STAFF. Centro White
980 _81
_gALBERTO SANCHEZ Responsable de Automatización